| 000 | 00575cam a22001577a 4500 | ||
|---|---|---|---|
| 082 |
_a823 _bMAR |
||
| 100 | 1 |
_aGarcía Márquez, Gabriel, _945952 |
|
| 245 | 1 | 0 |
_aOne hundred years of solitude / _cGabriel García Márquez ; translated from the Spanish by Gregory Rabasa ; illustrated by Jim Spanfeller. |
| 250 | _aA limited ed. | ||
| 260 |
_aFranklin Center, Pa. : _bFranklin Library, _c1981, c1970. |
||
| 300 | _a434 p. : ill. ; 23 cm. | ||
| 526 |
_a0 _b0 _c0 _d823_000000000000000_MAR |
||
| 650 | 0 |
_aMacondo (Imaginary place) _945953 |
|
| 650 | 0 |
_aMCE _9379 |
|
| 942 |
_2ddc _cBK |
||
| 999 |
_c549341 _d549341 |
||